Continents on the Olympic flag - Statistics

General Stats
  • This quiz has been taken 63 times
  • The average score is 3 of 5
Answers on the Map
Answers color-coded by a green-red scale on the quiz's map according to % correct below.
 
Answer Stats
Answer % Correct
Africa
69%
Americas
60%
Asia
58%
Europe
53%
Australia
38%
No matching quizzes found
Score Distribution
Percent of People with Each Score
Percentile by Number Answered
Your Score History
You have not taken this quiz